=LDR 00000nam 2200000 4500 =001 INLIS000000000036371 =005 20130612142149 =008 ***********************************Ind** =035 ##$$0010-061300000036371 =041 ##$$a Ind =082 ##$$a 641.865 4 =090 ##$$a 641.865 4, Win c =100 ##$$a Winneke, Odilla =245 ##$$a Cooking with style 2, Odilia Winneke =260 ##$$a 2011 $b Jakarta =300 ##$$a 50 hlm, ilus, 21 cm =650 ##$$a Kue-resep =850 ##$$a NBPNMAT =990 ##$$a 0001/BPAP-NTB/2015